Corruption and human rights / (Record no. 84065)

MARC details
000 -LEADER
fixed length control field 00551nam a22001817a 4500
005 - DATE AND TIME OF LATEST TRANSACTION
control field 20140725120108.0
010 ## - LCCN (DPL NO)
LC control number ENG-109939
020 ## - INTERNATIONAL STANDARD BOOK NUMBER
International Standard Book Number 9788184247510
Terms of availability 400.00
035 ## - SYSTEM CONTROL NUMBER
System control number EN-93472
037 ## - SOURCE OF ACQUISITION
Source of stock number/acquisition DBAD/PUB
082 ## - DEWEY DECIMAL CLASSIFICATION NUMBER
Classification number 364.13230954
245 ## - TITLE STATEMENT
Title Corruption and human rights /
Statement of responsibility, etc edited by V.N. Viswanathan
260 ## - PUBLICATION, DISTRIBUTION, ETC. (IMPRINT)
Place of publication, distribution, etc New Delhi
Name of publisher, distributor, etc Allied Publishers
Date of publication, distribution, etc 2012
270 ## - ADDRESS
Address 1/13-14, Asaf Ali Road
City New Delhi
Postal code 110002
300 ## - PHYSICAL DESCRIPTION
Extent x,206p. :
Dimensions 24cm(pbk)
Other physical details ill
700 ## - ADDED ENTRY--PERSONAL NAME
Personal name Viswanathan, V.N.
942 ## - ADDED ENTRY ELEMENTS (KOHA)
Source of classification or shelving scheme Dewey Decimal Classification
Item type English Books
Call number suffix COR
Classification part 364.13230954
Holdings
Withdrawn status Lost status Not for loan Collection code Home library Current library Date acquired Source of acquisition Cost, normal purchase price Full call number Barcode Copy number Cost, replacement price Koha item type
    Not For Loan Non-fiction D.B.Act.Division D.B.Act.Division 08/05/2014 DBAD / PUB 400.00 364.13230954 COR EN-93472 1 400.00 English Books

© Delhi Public Library
Hit Counter
free hit counter